000
00289nam a22001217a 4500
020
_a
9781912464128
040
_c
NUST
082
_a
823-CH
_b
AUS
100
_a
Jane Austen
_9
13531
245
_a
Sense And Sensibility
260
_a
UK:
_b
Baker Street Press Saltway,
_c
2008.
942
_2
ddc
_c
BK
999
_c
586377
_d
586377